Juntos por los derechos de la niñez y la adolescencia /
| Tác giả của công ty: | |
|---|---|
| Định dạng: | Sách |
| Ngôn ngữ: | Tiếng Tây Ban Nha |
| Được phát hành: |
San José, Costa Rica :
UNICEF,
1998
|
| Những chủ đề: |
MARC
| LEADER | 00000nam a2200000Ia 4500 | ||
|---|---|---|---|
| 008 | 170526b1998 cr ||||| |||| 00| | spa d | ||
| 999 | |c 1274 |d 1274 | ||
| 090 | |a 04.02.01 |b 1186 | ||
| 110 | 2 | |9 569 |a UNICEF | |
| 245 | 1 | 0 | |a Juntos por los derechos de la niñez y la adolescencia / |c UNICEF |
| 260 | |a San José, Costa Rica : |b UNICEF, |c 1998 | ||
| 300 | |a 178 páginas | ||
| 500 | |a Publicado en la Gaceta 6 de Febrero de 1998 | ||
| 650 | 1 | 4 | |a DERECHOS HUMANOS |9 588 |
| 650 | 1 | 4 | |a LEGISLACIÓN |9 45 |
| 650 | 1 | 4 | |a NIÑOS |9 59 |
| 650 | 1 | 4 | |9 5 |a ADOLESCENTES |
| 942 | |i 001891 |h 04.02.01 1186 |2 z |c 01 | ||
